00582nam a2200157Ia 4500008004100000020005500041040000800096082002300104100008700127245003500214260000900249264002400258942001300282952011200295999001700407231129s2005||||xx |||||||||||||| ||spa|| a958-97287-5-8  bspa a346.082120264 S959 aSuperintendencia Bancaria de Colombia. Subdirección de Representación Judicial 0aJurisprudencia financiera 2004 c2005 aLa Superintendencia 2ddccBKS 00102ddc4070aBRCbBRCd2010-09-08l0o346.082120264 S959p10004r2023-11-29 21:15:45t1w2023-11-29yBK c16288d16288